[Event "POL-chT 2nd League South"]
[Site "Wisla"]
[Date "1998.??.??"]
[Round "?"]
[White "Ledwon, Eugeniusz"]
[Black "Swicarz, Maciej"]
[Result "1-0"]
[WhiteElo "2260"]
[BlackElo "2115"]
[PlyCount "53"]
[EventDate "1998.11.20"]
[EventType "team-swiss"]
[EventRounds "10"]
[EventCountry "POL"]
[SourceTitle "EXT 2000"]
[Source "ChessBase"]
[SourceDate "1999.11.16"]
[SourceVersion "1"]
[SourceVersionDate "1999.11.16"]
[SourceQuality "1"]

1. e4 Nf6 2. e5 Nd5 3. c4 Nb6 4. d4 d6 5. f4 dxe5 6. fxe5 c5 7. d5 e6 8. Nc3 Qh4+ 9. g3 Qd4 10. Qxd4 cxd4 11. Nb5 Na6 12. d6 f6 13. Nf3 Nd7 14. Nbxd4 Nxe5 15. Nxe5 fxe5 16. Nb5 Bd7 17. Bg2 Bxb5 18. cxb5 Nc5 19. 0-0 Bxd6 20. b4 Nd7 21. Bxb7 Rb8 22. Bc6 Bxb4 23. Be3 Bc3 24. Rad1 Rd8 25. Rxd7 Rxd7 26. Rd1 0-0 27. Rxd7 1-0

[Event "POL-chT reg"]
[Site "Poland"]
[Date "1995.??.??"]
[Round "?"]
[White "Bielczyk, Jacek"]
[Black "Ledwon, Eugeniusz"]
[Result "1-0"]
[WhiteElo "2365"]
[BlackElo "2285"]
[PlyCount "57"]
[EventDate "1995.??.??"]
[EventType "team"]
[EventRounds "11"]
[EventCountry "POL"]
[SourceTitle "EXT 2001"]
[Source "ChessBase"]
[SourceDate "2000.11.22"]
[SourceVersion "1"]
[SourceVersionDate "2000.11.22"]
[SourceQuality "1"]

1. e4 c6 2. d4 d5 3. Nd2 dxe4 4. Nxe4 Nf6 5. Nxf6+ exf6 6. c3 Bd6 7. Bd3 0-0 8. Qc2 Re8+ 9. Ne2 g6 10. h4 f5 11. h5 Be6 12. Bd2 Bd5 13. f3 b5 14. Rh3 Nd7 15. 0-0-0 Nf8 16. Kb1 a5 17. Nf4 Bxf4 18. Bxf4 Qd7 19. Be5 a4 20. Rg3 Qe6 21. Bxf5 Bxa2+ 22. Kc1 Qb3 23. hxg6 fxg6 24. Bxg6 Qxc2+ 25. Bxc2+ Kf7 26. Rg7+ Ke6 27. Rh1 Ng6 28. Rh6 Rg8 29. Rgxh7 1-0

[Event "POL-chT reg"]
[Site "Poland"]
[Date "1995.??.??"]
[Round "?"]
[White "Morkisz, Bogdan"]
[Black "Ledwon, Eugeniusz"]
[Result "1/2-1/2"]
[WhiteElo "2220"]
[BlackElo "2285"]
[PlyCount "105"]
[EventDate "1995.??.??"]
[EventType "team"]
[EventRounds "11"]
[EventCountry "POL"]
[SourceTitle "EXT 2001"]
[Source "ChessBase"]
[SourceDate "2000.11.22"]
[SourceVersion "1"]
[SourceVersionDate "2000.11.22"]
[SourceQuality "1"]

1. e4 c5 2. Nc3 Nc6 3. g3 g6 4. Bg2 Bg7 5. d3 e6 6. Be3 Nd4 7. Qd2 Qa5 8. Nh3 Ne7 9. 0-0 d6 10. f4 Bd7 11. a3 a6 12. Qf2 f5 13. Rae1 0-0 14. Kh1 Rae8 15. Nd1 Qa4 16. c3 Nc2 17. Re2 Nxe3 18. Rxe3 fxe4 19. dxe4 Bb5 20. Rfe1 Nc6 21. g4 Ne5 22. Qg3 Nc4 23. Rf3 Bc6 24. Rf2 Bf6 25. g5 Bg7 26. Ne3 Nxb2 27. Rxb2 Bxc3 28. Nd1 Bxe1 29. Qxe1 Qxa3 30. Qe3 Qxe3 31. Nxe3 b5 32. Ng4 Rd8 33. Nf6+ Kg7 34. Nf2 h6 35. Ra2 hxg5 36. fxg5 Ra8 37. e5 Bxg2+ 38. Kxg2 d5 39. Nd3 c4 40. Nc5 Kf7 41. Nfd7 Rfd8 42. Nb6 Ra7 43. Rf2+ Kg8 44. Nxe6 Re8 45. Rf6 Rae7 46. Rxg6+ Kf7 47. Rf6+ Kg8 48. Rg6+ Kf7 49. Nf4 Rxe5 50. Nbxd5 Rd8 51. Rf6+ Kg8 52. Rg6+ Kf7 53. Rf6+ 1/2-1/2

[Event "POL-chT reg"]
[Site "Poland"]
[Date "1995.??.??"]
[Round "?"]
[White "Widera, Jan"]
[Black "Ledwon, Eugeniusz"]
[Result "1/2-1/2"]
[WhiteElo "2200"]
[BlackElo "2285"]
[PlyCount "36"]
[EventDate "1995.??.??"]
[EventType "team"]
[EventRounds "11"]
[EventCountry "POL"]
[SourceTitle "EXT 2001"]
[Source "ChessBase"]
[SourceDate "2000.11.22"]
[SourceVersion "1"]
[SourceVersionDate "2000.11.22"]
[SourceQuality "1"]

1. Nf3 Nf6 2. b3 c5 3. c4 Nc6 4. Bb2 d5 5. cxd5 Nxd5 6. g3 f6 7. Nc3 Nxc3 8. Bxc3 e5 9. d3 Be6 10. Bg2 Be7 11. 0-0 0-0 12. e3 Qd7 13. Qe2 Rad8 14. Rfd1 Bg4 15. Rd2 Rfe8 16. Qf1 Qf5 17. Ne1 Qc8 18. h3 Be6 1/2-1/2